[Event "Enschede op-C U14"]
[Site "Enschede"]
[Date "2009.08.05"]
[Round "5"]
[White "De Mon, Gino"]
[Black "Goldsmid, Noah"]
[Result "0-1"]
[WhiteElo "1267"]
[BlackElo "1126"]
[PlyCount "46"]
[EventDate "2009.08.03"]
[EventType "swiss"]
[EventRounds "7"]
[EventCountry "NED"]
[SourceTitle "CBM 132 Extra"]
[Source "ChessBase"]
[SourceDate "2009.11.03"]
[SourceVersion "1"]
[SourceVersionDate "2009.11.03"]
[SourceQuality "1"]

1. e4 e5 2. Nf3 Nc6 3. Nc3 Nf6 4. Bc4 Bb4 5. a3 Bxc3 6. bxc3 Nxe4 7. Qe2 Nf6 8. Nxe5 0-0 9. Ng4 Re8 10. Ne3 d5 11. Bb5 d4 12. Bxc6 bxc6 13. cxd4 Qxd4 14. c3 Qa4 15. 0-0 Ba6 16. Qd1 Qf4 17. Re1 Rad8 18. d4 Qh4 19. h3 Ne4 20. Nf5 Qxf2+ 21. Kh1 Qxf5 22. Rf1 Qxf1+ 23. Qxf1 Bxf1 0-1